02135 2200205 4500001001900000005001500019035001800034007000300052008003900055082000700094084001300101100001800114245014700132250001000279260004600289520155200335600001201887990001501899990001501914INLIS000000000997620260511084700 a0010-03260218ta260511 | | |  a51 a51 ALF m0 aALFIAN FAQQIH1 aManajemen Ketepatan Waktu dalam Pelaksanaan Pekerjaan Rekonstruksi Jalan Pujon – Sei Hanyo (Dbh Sawit 2025) / ALFIAN FAQQIH /cALFIAN FAQQIH aCet 1 aPalangka Raya :bPerpustakaan UMPR,c2026 aJalan merupakan fasilitas transportasi yang paling sering digunakan oleh sebagian besar masyarakat, sehingga mempengaruhi aktivitas sehari-hari masyarakat. Jalan sebagai prasarana transportasi darat mampu memberikan pelayanan dari pintu ke pintu sehingga dapat dipergunakan oleh masyarakat untuk mendukung hampir semua aktivitas mereka seperti pendidikan, bisnis, bekerja dan lain-lain. Metode digunakan adalah kuantitatif pada dasarnya Tujuan utama dari desain penelitian kuantitatif adalah menguji sejauh mana prediktor satu atau beberapa variabel independen terhadap variabel dependen. Penelitian kuantitatif dengan pengumpulan data menggunakan alat ukur telah diuji validitas dan realibilitasnya. Proyek dianggap sukses apabila dikerjakan sesuai waktu, sesuai ruang lingkup dan sesuai budget. Kadang definisi sukses hanya dilihat dari yang sifatnya sepihak untuk karir seorang Manajer Proyek atau Sponsor Proyek. Dilain pihak, pengguna melihat kesuksesan dari tingkat kepuasan mereka. Oleh karena itu, kesuksesan suatu proyek bisa diklasifikasikan sebagai kesuksesan pelaksanaan, kesuksesan hasil, dan kesuksesan proyek secara keseluruhan yang merupakan perpaduan antara sukses pelaksanaan dan sukses hasil. Pelaksanaan pekerjaan proyek dalam mencapai tujuan serta mempunyai beberapa faktor - faktor yang tinggi pengaruhnya serta tindakan - tindakan pengendalian yang sangat penting terhadap pekerjaan proyek. Faktor – faktor yang mempengaruhi dan tindakan – tindakan pengendalian tersebut adalah unsur anggaran atau biaya, waktu dan mutu. 4aSKRIPSI a2451131162 a2451131162